| 000 | 00686nam a2200229Ia 4500 | ||
|---|---|---|---|
| 003 | OSt | ||
| 005 | 20220928103232.0 | ||
| 006 | a|||||r|||| 00| 0 | ||
| 007 | ta | ||
| 008 | 220927b |||||||| |||| 00| 0 eng d | ||
| 024 | _a52421 | ||
| 037 | _cTextual | ||
| 040 |
_aSDCL _cSDCL _beng |
||
| 041 |
_2eng _aeng |
||
| 082 | _aV53,94y7N10, M2 | ||
| 100 |
_aWoods Rex _9403008 |
||
| 245 | 0 |
_aTalent to survive _b The wartime exploits of Lt-Col Richard Lowther Broad, MC, Legion d'Honneur, Croix De Guerre. |
|
| 260 |
_aLondon _bWilliam Kimber _c1982 |
||
| 300 |
_a205p. _ccm. |
||
| 942 |
_hV53,94y7N10, M2 _cTEXL _2CC |
||
| 999 |
_c718811 _d718811 |
||